000
00302nam a2200121Ia 4500
008
190216s9999||||xx |||||||||||||| ||und||
100
_a
Raj Kumar Saini
245
0
_a
Hindi - Khidki Se Jhakta Hai Koan
260
_b
Samayik Prakashan
_c
2001
300
_a
160
650
_a
Hindi Literature
942
_c
BK
999
_c
16129
_d
16129